Geography Knowledge Hidden Clue Chain #2 - Statistics

General Stats
  • This quiz has been taken 249 times
  • The average score is 13 of 19
Answer Stats
Clue Answer % Correct
Tallest mountain in Africa Mount Kilimanjaro
100%
Australia's largest island Tasmania
94%
Capital of Iceland Reykjavik
91%
Strait between Alaska and Russia Bering Strait
90%
d Brazil
90%
Countries bordering Bolivia Peru
90%
d Argentina
88%
d Chile
88%
d Paraguay
87%
Only neighboring country of Qatar Saudi Arabia
84%
US state with the Grand Canyon Arizona
76%
Largest historical land empire Mongol Empire
72%
Most densely populated country Monaco
58%
World's largest freshwater lake (by volume) Lake Baikal
50%
Largest Mexican state (by land area) Chihuahua
47%
Ancient language of India Sanskrit
39%
Country with highest percentage of Buddhists Cambodia
25%
Currency of Nepal Rupee
25%
Scottish lake containing a fabled monster Loch Ness
24%
No matching quizzes found
Score Distribution
Percent of People with Each Score
Percentile by Number Answered
Your Score History
You have not taken this quiz